000 00383nam a2200157Ia 4500
008 221030s9999 xx 000 0 und d
020 _a8120319591
041 _aEnglish
082 _a105.23
_bBha
100 _aA. K. Bhattacharyya
245 0 _aFinancial Accounting for Business Managers
260 _bPHI
_aNew Delhi
_c2004
300 _a487
650 _aManagement
942 _cBK
999 _c2197
_d2197